| 000 | 00535nam a22001937a 4500 | ||
|---|---|---|---|
| 005 | 20251013151106.0 | ||
| 008 | 251013b |||||||| |||| 00| 0 eng d | ||
| 020 | _a9788177581546 | ||
| 040 | _cAL | ||
| 041 | _aEnglish | ||
| 082 |
_a005.41 _bSIME |
||
| 100 |
_aDavid E Simon _9242137 |
||
| 245 | _aEmbedded Software Primer | ||
| 260 |
_aNoida _bPearson _c2024 |
||
| 300 |
_a443p. _bPB _c24x18cm |
||
| 365 |
_aABDI/0818/25 _b₹885.00 _c₹ _d₹1180.00 _e25% _f03-10-2025 |
||
| 650 |
_aEmbedded Programming _9242129 |
||
| 942 |
_2ddc _cBK |
||
| 999 |
_c240537 _d240537 |
||